000 00660nam a2200253Ia 4500
003 OSt
005 20221005065857.0
006 a|||||r|||| 00| 0
007 ta
008 221004b |||||||| |||| 00| 0 urd d
020 _c6.50
024 _a30481
037 _cTextual
040 _aCRL
_cCRL
_burd
041 _2urd
_aurd
082 _aO168,3N04,KT, J9
100 _aShaukat Thanvi Au.
245 0 _aKainat-e-Tabassum
260 _aMumbai
_bAlvi book depo India
_c1959
300 _a173p.
_ccm.
650 _aURDU FICTION
_93298
942 _hO168,3N04,KT, J9
_cTEXL
_2cc
999 _c975324
_d975324